[Event "CAN-ch U08"]
[Site "Ottawa"]
[Date "2013.07.10"]
[Round "2"]
[White "Xu, Yaorui"]
[Black "Doknjas, Neil"]
[Result "0-1"]
[WhiteElo "1030"]
[BlackElo "1228"]
[PlyCount "104"]
[EventDate "2013.07.10"]
[EventType "swiss"]
[EventRounds "6"]
[EventCountry "CAN"]
[SourceTitle "EXT 2022"]
[Source "ChessBase"]
[SourceDate "2021.10.06"]
[SourceVersion "1"]
[SourceVersionDate "2021.10.06"]
[SourceQuality "1"]

1. d4 d5 2. c4 e6 3. Nc3 Nf6 4. Bg5 Be7 5. Bxf6 Bxf6 6. Nf3 0-0 7. e4 dxe4 8. Nxe4 b6 9. g3 Bb7 10. Nxf6+ Qxf6 11. Bg2 Rd8 12. 0-0 c5 13. Ne5 Bxg2 14. Kxg2 Rxd4 15. Qf3 Qxf3+ 16. Nxf3 Rxc4 17. Ne5 Rd4 18. Rad1 f6 19. Rxd4 cxd4 20. Nf3 Nc6 21. Rd1 e5 22. Nd2 Kf7 23. f4 Ke6 24. Nf3 Kd5 25. Nh4 e4 26. Nf5 g6 27. Ne3+ Kc5 28. Rc1+ Kd6 29. Rd1 d3 30. a3 Kc5 31. b4+ Kd4 32. Kf2 b5 33. Nc2+ Kc3 34. Ne3 Nd4 35. Nd5+ Kc2 36. Re1 d2 37. Ne3+ Kd3 38. Rf1 Nc2 39. Nxc2 Kxc2 40. Ke2 Rd8 41. Rd1 Rd3 42. g4 Re3+ 43. Kxe3 Kxd1 44. Kxe4 Ke2 45. g5 f5+ 46. Ke5 d1Q 47. Kf6 Qd7 48. Ke5 Ke3 49. Kf6 Kd4 50. h4 Kd5 51. a4 Kd6 52. a5 Qe7# 0-1